| 000 | 00444nam a2200181Ia 4500 | ||
|---|---|---|---|
| 001 | 1851 | ||
| 005 | 20260306143759.0 | ||
| 008 | 260306t2009||||xx |||||||||||||| ||spa|| | ||
| 041 | _aESP | ||
| 082 |
_a155.7 _bR63 |
||
| 100 |
_aRíos, José Antonio _eAUT |
||
| 245 | 0 | _aPersonalidad, madurez humana y contexto familiar | |
| 260 | _c2009 | ||
| 300 |
_a1114 páginas : _c24 cm. |
||
| 650 | _aGEN | ||
| 654 | _aCPS | ||
| 942 |
_cLIB _dJUS _fJUS _2ddc _n |
||
| 999 |
_c1851 _d1851 |
||